| 000 | 00486nam a2200193Ia 4500 | ||
|---|---|---|---|
| 005 | 20240605063203.0 | ||
| 008 | 240331s9999 xx 000 0 und d | ||
| 020 | _a9698408312 | ||
| 082 |
_bZIA _a362 |
||
| 100 | _aZia, S | ||
| 245 | 0 | _aViolence against women and their quest for justice | |
| 250 | _a2 nd | ||
| 260 |
_aLahore _bSimorgh Women's Education and Publication _c1998 |
||
| 300 | _aiv,99 p., | ||
| 650 | _aWomen | ||
| 650 | _aJustice | ||
| 650 | _aViolence | ||
| 942 | _cL | ||
| 999 |
_c2908 _d2908 |
||